Tous les prénoms de la Promo 2024 - Statistiques

Statistiques générales
  • Ce quiz a été pris 14 fois
  • Le résultat moyen est 91 sur 132
Statistiques - réponses
Nom de famille Prénom % Correct
Albrieux Chloé
100%
Jan Agathe
88%
Vukovic Aleksandar
88%
Beaucousin Alexandre
88%
Fossey Alexandre
88%
Guichard Alexandre
88%
Sergent Alexandre
88%
Sbetta Amédée
88%
Chuiton Baptiste
88%
Pigeon Bénédicte
88%
Malet Chloé
88%
Boisseau Clément
88%
Pichard Evan
88%
Macone Fabien
88%
Pipelier Flora
88%
Fourest Gabriel
88%
Paillet Gaël
88%
Laborde Guilhem
88%
Cacciaguerra Héloïse
88%
Linée Héloïse
88%
Desclos Hugo
88%
Pelletier Jean
88%
Goulot Juliette
88%
Lemoine Léo
88%
Verot Loïc
88%
Treboz Louis
88%
Rodrigues Lucas
88%
Leseurre Ludovic
88%
Le Moal Malo
88%
Hébert Manon
88%
Meunier Margaux
88%
Suzanne Margot
88%
Hélie Marion
88%
Petitpas Martin
88%
Lenormand Mathilde
88%
Soldan Mathis
88%
Imele Matteo
88%
Trigodet Maxime
88%
Lebouvier Nathan
88%
Richer Nathan
88%
Morise Nora
88%
Tapin-Youf Olivia
88%
Gosselin Paul
88%
Flaquin Pauline
88%
Gaudin Pierre
88%
Ladirat Pierre
88%
Le Tonquèze Pierre
88%
Prouteau Pierre
88%
Quero Pierre
88%
Cravero Quentin
88%
Joffroy Romain
88%
Houis Sophie
88%
Besnard Thibault
88%
Bouissou Walter
88%
Adam Antoine
75%
Névès Baptiste
75%
Ventrillon Blandine
75%
Diop Bocar
75%
Potter Charlotte
75%
Pierreisnard Elise
75%
Urfalino Enzo
75%
Le Maintec Florian
75%
Denis Hugo
75%
Loubière Hugo
75%
Grosset Julien
75%
Castel Justine
75%
Le Cunff Kilian
75%
Maria Lima Laiane
75%
Lavalley Lou
75%
Baron Martin
75%
Noel Martin
75%
Cantin Mathis
75%
Bucci Matteo
75%
Petit Paul
75%
Baron Sophia
75%
Floch Tanguy
75%
Oliveira Thiarlia
75%
Mougnard Thibaud
75%
Marchand Thomas
75%
Marteau Victor
75%
Tabellion VIctorine
75%
Lougteb Yassine
75%
Dagorn Yohann
75%
Haudecoeur Alex
63%
Fievre Antoine
63%
Flambert Arthur
63%
Girard Clément
63%
Levavasseur Clément
63%
Vasseur Enguerrand
63%
Morvan Jean-Baptiste
63%
Taudu Léo
63%
Martin Lucie
63%
Dufy Marius
63%
Lanoë Martin
63%
Ribault Pierre
63%
Alix Raphaël
63%
Lecler Théo
63%
Borel VIctor
63%
Guyot Alexandre
50%
Quemeneur Antoine
50%
Suffrin Carla
50%
Guidoux Cloé
50%
Guibert Emma
50%
Lelièvre Jules
50%
Le Clerc Léo
50%
Tomaz Mathis
50%
Francesconi Nicolas
50%
Foucoin Paul
50%
Legrand Romain
50%
Robert Simon
50%
D'Azémar Sixtine
50%
Boyer Stéphane
50%
Piedagnel Antoine
38%
Mahaut Elysée
38%
Juillard Etienne
38%
Samyn Jules
38%
Lacher Margaux
38%
Guyot Aodren
25%
Le Guillard Arthur
25%
Lucas Arthur
25%
Costelet Corentin
25%
Fillion Gaspard
25%
Rémy Gédéon
25%
Fumeron Julien
25%
Fleury Lou-Anne
25%
Berthe Mattéo
25%
Vannier Robin
25%
Martin Bastien
13%
Desvages Jules
13%
Collet Matys
13%
Fontaine Pierre
13%
Péron Téo
13%
Aucun quiz correspondant
Distribution des résultats
% des personnes avec chaque résultat
Percentile par nombre de réponses
Votre historique - résultats
Vous n’avez pas pris ce quiz